00151nam a22000737a 4500082001300000100001900013245003600032300000900068 a624bBHA aSS, Bhavikalti aElements of civil Engineering . c23cm